Statistics for EPL Teams by Nickname

Click here to take the quiz!

General Stats

  • This quiz has been taken 174 times
    (161 since last reset)
  • The average score is 14 of 20

Answer Stats

NicknameTeam% Correct
The BluesChelsea
89%
SpursTottenham
89%
The SwansSwansea City
88%
The RedsLiverpool
87%
The Red DevilsManchester United
86%
The GunnersArsenal
85%
The FoxesLeicester City
82%
The CitizensManchester City
81%
The HammersWest Ham
79%
The SaintsSouthampton
76%
The ToffeesEverton
66%
The CherriesBournemouth
63%
BoroMiddlesbrough
61%
The TigersHull City
56%
The EaglesCrystal Palace
54%
The ClaretsBurnley
51%
The HornetsWatford
50%
The BaggiesWest Brom
50%
The PottersStoke City
41%
The Black CatsSunderland
40%

Score Distribution

Percentile by Number Answered

Percent of People with Each Score

Your Score History

You have not taken this quiz since the last reset